000 00704nam a2200289Ia 4500
005 20260324120921.0
008 008 260324s9999 xx 000 0 eng d
020 _a9780203886076
037 _aEBOOK
040 _aCRL
040 _beng
040 _cCRL
041 _2eng
041 _aeng
084 _qCRL
100 _aJesse A. Brinson; Shannon D. Smith
_91160472
245 0 _aRacialized Schools
245 0 _bUnderstanding and Addressing Racism in Schools
260 _bTaylor and Francis
260 _c2014
365 _a
365 _b230
856 _uhttp://www.taylorfrancis.com/books/9780203886076
942 _cEBOOK
999 _c1752260
_d1752260